Statistics for Rock and Roll by Letter G

Click here to take the quiz!

General Stats

  • This quiz has been taken 75 times
  • The average score is 10 of 15

Answer Stats

HintAnswer% Correct
Billie Joe Armstrong is the frontman for this punk groupGreen Day
93%
There is some question whether this song, performed by Ray Charles, was about a girl or a stateGeorgia on my Mind
91%
Sweet Child O Mine was a huge hit for this bandGuns n Roses
91%
A name used to describe an amateur band that plays in a house/shed/basement, etc.Garage band
89%
The fans of this group were called "Dead Heads"The Grateful Dead
81%
The former frontman for GenesisPeter Gabriel
79%
He joined Pink Floyd in 1968 as guitarist and co-lead vocalistDavid Gilmour
77%
Drummer for NirvanaDave Grohl
75%
"Abacab" and "Invisible Touch" bandGenesis
68%
The Les Paul is the most popular guitar created by this American manufacturerGibson
68%
2D, Russell Hobbs, Noodle and Murdoc Niccals are the non-human members of this British bandGorillaz
51%
This song was being played by the Beatles on the Apple Studios rooftop when the police shut them downGet Back
42%
This Glam Rock artist of the 70's and 80's real name is Paul Francis GaddGary Glitter
35%
CeeLo Green and Danger Mouse make up this duoGnarls Barkley
25%
The Vines highest charting singleGet Free
12%

Score Distribution

Percentile by Number Answered

Percent of People with Each Score

Your Score History

You have not taken this quiz